[Event "DVM U12 2023"]
[Site "Magdeburg GER"]
[Date "2023.12.29"]
[Round "6"]
[White "Wagner, Cosima Thien-An"]
[Black "Dodul, Arthur"]
[Result "0-1"]
[Termination "normal"]
[Board "8.1"]
[WhiteElo "1531"]
[BlackElo "1569"]
[WhiteClock "00:02:42"]
[BlackClock "00:52:56"]
[WhiteTeam "TV Tegernsee"]
[BlackTeam "Barnimer SF im SV Stahl Finow"]
[PlyCount "76"]
[WhiteFideId "34603484"]
[BlackFideId "34609016"]
[EventCountry "GER"]
[EventRounds "7"]
[EventType "team-swiss"]
[EventDate "2023.12.26"]

1. e4 {[%clk 01:30:57]} {[%emt 00:00:02]} e5 {[%clk 01:30:51]} {[%emt
00:00:09]} 2. Nf3 {[%clk 01:31:24]} {[%emt 00:00:04]} Nc6 {[%clk 01:31:13]}
{[%emt 00:00:08]} 3. Bb5 {[%clk 01:31:46]} {[%emt 00:00:09]} Nf6 {[%clk
01:31:31]} {[%emt 00:00:14]} 4. d3 {[%clk 01:32:10]} {[%emt 00:00:04]} d6
{[%clk 01:29:44]} {[%emt 00:02:17]} 5. h3 {[%clk 01:30:33]} {[%emt 00:02:07]}
a6 {[%clk 01:29:53]} {[%emt 00:00:22]} 6. Ba4 {[%clk 01:29:54]} {[%emt
00:01:09]} Be6 {[%clk 01:30:04]} {[%emt 00:00:17]} 7. O-O {[%clk 01:28:50]}
{[%emt 00:01:34]} Be7 {[%clk 01:30:29]} {[%emt 00:00:05]} 8. Nc3 {[%clk
01:28:57]} {[%emt 00:00:23]} O-O {[%clk 01:30:46]} {[%emt 00:00:12]} 9. Be3
{[%clk 01:27:32]} {[%emt 00:01:56]} b5 {[%clk 01:30:54]} {[%emt 00:00:22]} 10.
Bb3 {[%clk 01:27:47]} {[%emt 00:00:14]} Bxb3 {[%clk 01:31:22]} {[%emt
00:00:03]} 11. axb3 {[%clk 01:27:51]} {[%emt 00:00:26]} d5 {[%clk 01:30:35]}
{[%emt 00:01:17]} 12. Bg5 {[%clk 01:21:08]} {[%emt 00:07:13]} dxe4 {[%clk
01:23:39]} {[%emt 00:07:26]} 13. Bxf6 {[%clk 01:20:30]} {[%emt 00:01:08]} exf3
{[%clk 01:22:23]} {[%emt 00:01:46]} 14. Bxe7 {[%clk 01:20:18]} {[%emt
00:00:42]} Qxe7 {[%clk 01:22:41]} {[%emt 00:00:12]} 15. Qxf3 {[%clk 01:20:29]}
{[%emt 00:00:19]} Nd4 {[%clk 01:22:22]} {[%emt 00:00:48]} 16. Qd1 {[%clk
01:20:32]} {[%emt 00:00:28]} Qe6 {[%clk 01:21:38]} {[%emt 00:01:13]} 17. Ne2
{[%clk 01:13:50]} {[%emt 00:07:12]} c5 {[%clk 01:19:57]} {[%emt 00:02:11]} 18.
Re1 {[%clk 01:09:08]} {[%emt 00:05:12]} f6 {[%clk 01:16:48]} {[%emt 00:03:39]}
19. Qd2 {[%clk 01:04:55]} {[%emt 00:04:43]} Rfc8 {[%clk 01:14:16]} {[%emt
00:03:02]} 20. f4 {[%clk 00:46:31]} {[%emt 00:18:54]} Qd6 {[%clk 01:09:02]}
{[%emt 00:05:42]} 21. fxe5 {[%clk 00:45:59]} {[%emt 00:01:04]} fxe5 {[%clk
01:08:17]} {[%emt 00:01:14]} 22. Nc3 {[%clk 00:36:03]} {[%emt 00:10:27]} c4
{[%clk 01:02:49]} {[%emt 00:05:59]} 23. bxc4 {[%clk 00:36:04]} {[%emt
00:00:28]} bxc4 {[%clk 01:02:28]} {[%emt 00:00:51]} 24. Ra5 {[%clk 00:26:52]}
{[%emt 00:09:42]} Nf3+ {[%clk 00:57:49]} {[%emt 00:05:09]} 25. gxf3 {[%clk
00:26:23]} {[%emt 00:00:59]} Qb6+ {[%clk 00:57:53]} {[%emt 00:00:25]} 26. Qe3
{[%clk 00:07:48]} {[%emt 00:19:06]} Qxa5 {[%clk 00:57:54]} {[%emt 00:00:30]}
27. d4 {[%clk 00:03:01]} {[%emt 00:05:18]} exd4 {[%clk 00:53:47]} {[%emt
00:04:37]} 28. Qe6+ {[%clk 00:03:27]} {[%emt 00:00:04]} Kh8 {[%clk 00:54:03]}
{[%emt 00:00:14]} 29. Nd5 {[%clk 00:03:48]} {[%emt 00:00:09]} Rf8 {[%clk
00:53:28]} {[%emt 00:01:04]} 30. Nb6 {[%clk 00:03:06]} {[%emt 00:01:12]} Rad8
{[%clk 00:53:11]} {[%emt 00:00:47]} 31. Re5 {[%clk 00:02:16]} {[%emt 00:01:20]}
Qd2 {[%clk 00:52:30]} {[%emt 00:01:11]} 32. Nxc4 {[%clk 00:02:05]} {[%emt
00:00:41]} Qxc2 {[%clk 00:52:05]} {[%emt 00:00:55]} 33. Nd6 {[%clk 00:02:25]}
{[%emt 00:00:11]} Qg6+ {[%clk 00:51:50]} {[%emt 00:00:43]} 34. Kf2 {[%clk
00:02:13]} {[%emt 00:00:43]} Rxd6 {[%clk 00:51:59]} {[%emt 00:00:22]} 35. Qe7
{[%clk 00:02:26]} {[%emt 00:00:16]} Rdf6 {[%clk 00:52:02]} {[%emt 00:00:27]}
36. Rd5 {[%clk 00:02:17]} {[%emt 00:00:39]} Rxf3+ {[%clk 00:52:16]} {[%emt
00:00:16]} 37. Ke1 {[%clk 00:02:16]} {[%emt 00:00:31]} Qg1+ {[%clk 00:52:40]}
{[%emt 00:00:06]} 38. Kd2 {[%clk 00:02:42]} {[%emt 00:00:05]} Qg2+ {[%clk
00:52:56]} {[%emt 00:00:15]} 0-1

[Event "DVM U12 2023"]
[Site "Magdeburg GER"]
[Date "2023.12.29"]
[Round "6"]
[White "Madel, Luca"]
[Black "Greive, Jakob"]
[Result "1-0"]
[Termination "normal"]
[Board "8.2"]
[WhiteElo "1335"]
[BlackElo "1558"]
[WhiteClock "01:10:41"]
[BlackClock "00:22:26"]
[WhiteTeam "Barnimer SF im SV Stahl Finow"]
[BlackTeam "TV Tegernsee"]
[PlyCount "101"]
[WhiteFideId "16296516"]
[BlackFideId "34603476"]
[EventCountry "GER"]
[EventRounds "7"]
[EventType "team-swiss"]
[EventDate "2023.12.26"]

1. d4 {[%clk 01:30:56]} {[%emt 00:00:04]} d5 {[%clk 01:30:38]} {[%emt
00:00:23]} 2. Bf4 {[%clk 01:31:04]} {[%emt 00:00:21]} Nf6 {[%clk 01:30:00]}
{[%emt 00:01:08]} 3. e3 {[%clk 01:30:55]} {[%emt 00:00:39]} e6 {[%emt
00:00:33]} 4. Nf3 {[%clk 01:30:44]} {[%emt 00:00:40]} c5 {[%clk 01:29:59]}
{[%emt 00:00:28]} 5. c3 {[%clk 01:30:40]} {[%emt 00:00:34]} Qb6 {[%clk
01:29:33]} {[%emt 00:00:55]} 6. Qc2 {[%clk 01:30:35]} {[%emt 00:00:35]} Nc6
{[%clk 01:29:16]} {[%emt 00:00:48]} 7. Bd3 {[%clk 01:29:45]} {[%emt 00:01:20]}
Be7 {[%clk 01:27:28]} {[%emt 00:02:18]} 8. O-O {[%clk 01:28:53]} {[%emt
00:01:23]} O-O {[%clk 01:27:36]} {[%emt 00:00:21]} 9. Ne5 {[%clk 01:28:50]}
{[%emt 00:00:33]} h6 {[%clk 01:22:15]} {[%emt 00:05:52]} 10. h3 {[%clk
01:28:46]} {[%emt 00:00:34]} Re8 {[%clk 01:12:39]} {[%emt 00:10:05]} 11. Bh2
{[%clk 01:27:44]} {[%emt 00:01:33]} Rf8 {[%clk 01:10:17]} {[%emt 00:02:51]} 12.
f4 {[%clk 01:27:08]} {[%emt 00:01:06]} c4 {[%clk 01:07:44]} {[%emt 00:03:02]}
13. Be2 {[%clk 01:26:44]} {[%emt 00:00:55]} Bd6 {[%clk 01:06:51]} {[%emt
00:01:24]} 14. Nd2 {[%clk 01:26:24]} {[%emt 00:00:49]} Nd7 {[%clk 01:02:48]}
{[%emt 00:04:33]} 15. g4 {[%clk 01:25:19]} {[%emt 00:01:36]} Ndxe5 {[%clk
01:00:18]} {[%emt 00:03:00]} 16. fxe5 {[%clk 01:25:14]} {[%emt 00:00:34]} Nxe5
{[%clk 00:59:26]} {[%emt 00:01:22]} 17. dxe5 {[%clk 01:24:57]} {[%emt
00:00:47]} Qxe3+ {[%clk 00:59:34]} {[%emt 00:00:21]} 18. Kh1 {[%clk 01:23:54]}
{[%emt 00:01:34]} Bxe5 {[%clk 00:58:33]} {[%emt 00:01:31]} 19. Bxe5 {[%clk
01:23:38]} {[%emt 00:00:45]} Qxe5 {[%clk 00:58:06]} {[%emt 00:00:57]} 20. Bf3
{[%clk 01:22:51]} {[%emt 00:01:17]} Qg3 {[%clk 00:55:43]} {[%emt 00:02:53]} 21.
Bg2 {[%clk 01:22:48]} {[%emt 00:00:33]} Qd6 {[%clk 00:54:17]} {[%emt 00:01:57]}
22. Rae1 {[%clk 01:22:26]} {[%emt 00:00:52]} Bd7 {[%clk 00:51:37]} {[%emt
00:03:09]} 23. Nf3 {[%clk 01:21:32]} {[%emt 00:01:23]} Rac8 {[%clk 00:47:17]}
{[%emt 00:04:50]} 24. Qd2 {[%clk 01:20:49]} {[%emt 00:01:12]} Rc5 {[%clk
00:45:41]} {[%emt 00:02:07]} 25. Re5 {[%clk 01:19:51]} {[%emt 00:01:27]} Ra5
{[%clk 00:44:34]} {[%emt 00:01:37]} 26. a3 {[%clk 01:18:23]} {[%emt 00:02:00]}
Ra6 {[%clk 00:44:24]} {[%emt 00:00:40]} 27. h4 {[%clk 01:09:32]} {[%emt
00:09:20]} Rc6 {[%clk 00:39:55]} {[%emt 00:05:00]} 28. g5 {[%clk 01:07:58]}
{[%emt 00:02:03]} f6 {[%clk 00:35:40]} {[%emt 00:04:46]} 29. Re2 {[%clk
01:05:24]} {[%emt 00:03:03]} hxg5 {[%clk 00:32:07]} {[%emt 00:04:03]} 30. hxg5
{[%clk 01:05:05]} {[%emt 00:00:49]} Rf7 {[%clk 00:26:42]} {[%emt 00:05:56]} 31.
Ref2 {[%clk 01:00:14]} {[%emt 00:05:21]} f5 {[%emt 00:06:47]} 32. Qe2 {[%emt
00:01:33]} g6 {[%clk 00:25:24]} {[%emt 00:04:03]} 33. Kg1 {[%clk 00:58:11]}
{[%emt 00:02:33]} Rh7 {[%clk 00:21:53]} {[%emt 00:04:00]} 34. Qe5 {[%clk
00:58:05]} {[%emt 00:00:37]} b6 {[%clk 00:17:35]} {[%emt 00:04:48]} 35. Re2
{[%clk 00:55:18]} {[%emt 00:03:16]} Rf7 {[%clk 00:13:13]} {[%emt 00:04:53]} 36.
Kf2 {[%clk 00:51:37]} {[%emt 00:04:11]} a6 {[%clk 00:10:18]} {[%emt 00:03:22]}
37. Rh1 {[%clk 00:51:18]} {[%emt 00:00:52]} Rh7 {[%clk 00:09:29]} {[%emt
00:01:19]} 38. Rxh7 {[%clk 00:50:35]} {[%emt 00:01:12]} Kxh7 {[%clk 00:09:42]}
{[%emt 00:00:17]} 39. Re1 {[%clk 00:50:45]} {[%emt 00:00:20]} Kg8 {[%clk
00:04:43]} {[%emt 00:05:29]} 40. Rh1 {[%clk 00:49:14]} {[%emt 00:02:00]} Qxe5
{[%clk 00:03:45]} {[%emt 00:01:29]} 41. Nxe5 {[%clk 00:49:15]} {[%emt
00:00:29]} Rd6 {[%clk 00:03:44]} {[%emt 00:00:31]} 42. Nxg6 {[%clk 00:49:16]}
{[%emt 00:00:30]} Kf7 {[%clk 00:02:43]} {[%emt 00:01:29]} 43. Ne5+ {[%clk
00:49:21]} {[%emt 00:00:27]} Kg7 {[%clk 00:02:43]} {[%emt 00:00:30]} 44. Rh6
{[%clk 00:47:09]} {[%emt 00:02:03]} Be8 {[%clk 00:02:43]} {[%emt 00:01:08]} 45.
Bf3 {[%clk 00:47:03]} {[%emt 00:00:38]} b5 {[%clk 00:01:30]} {[%emt 00:01:42]}
46. Ke3 {[%clk 00:44:29]} {[%emt 00:03:04]} Bc6 {[%clk 00:30:02]} {[%emt
00:01:57]} 47. Kd4 {[%clk 01:12:07]} {[%emt 00:02:53]} Ba8 {[%clk 00:24:06]}
{[%emt 00:06:26]} 48. Bh5 {[%clk 01:11:13]} {[%emt 00:01:24]} f4 {[%clk
00:22:14]} {[%emt 00:02:22]} 49. Rg6+ {[%clk 01:11:10]} {[%emt 00:00:28]} Kh7
{[%clk 00:22:22]} {[%emt 00:00:28]} 50. Rf6 {[%clk 01:10:53]} {[%emt 00:00:48]}
Kg7 {[%clk 00:22:26]} {[%emt 00:00:26]} 51. Rxf4 {[%clk 01:10:41]} {[%emt
00:00:42]} 1-0

[Event "DVM U12 2023"]
[Site "Magdeburg GER"]
[Date "2023.12.29"]
[Round "6"]
[White "Hefele, Stefanie"]
[Black "Spielvogel, Oliver"]
[Result "0-1"]
[Termination "normal"]
[Board "8.3"]
[WhiteElo "1174"]
[BlackElo "1258"]
[WhiteClock "00:25:26"]
[BlackClock "01:09:28"]
[WhiteTeam "TV Tegernsee"]
[BlackTeam "Barnimer SF im SV Stahl Finow"]
[PlyCount "110"]
[WhiteFideId "34612041"]
[BlackFideId "16296494"]
[EventCountry "GER"]
[EventRounds "7"]
[EventType "team-swiss"]
[EventDate "2023.12.26"]

1. e4 {[%clk 01:30:59]} {[%emt 00:00:01]} c5 {[%clk 01:30:55]} {[%emt
00:00:07]} 2. Nf3 {[%clk 01:30:59]} {[%emt 00:00:28]} Nf6 {[%clk 01:31:04]}
{[%emt 00:00:21]} 3. Nc3 {[%clk 01:31:19]} {[%emt 00:00:10]} e6 {[%clk
01:31:16]} {[%emt 00:00:18]} 4. d4 {[%clk 01:30:34]} {[%emt 00:01:15]} cxd4
{[%clk 01:31:40]} {[%emt 00:00:06]} 5. Nxd4 {[%clk 01:28:58]} {[%emt 00:02:06]}
a6 {[%clk 01:31:56]} {[%emt 00:00:14]} 6. Bg5 {[%clk 01:28:40]} {[%emt
00:00:47]} Be7 {[%clk 01:32:08]} {[%emt 00:00:18]} 7. Be2 {[%clk 01:25:57]}
{[%emt 00:03:13]} O-O {[%clk 01:32:22]} {[%emt 00:00:17]} 8. O-O {[%clk
01:26:00]} {[%emt 00:00:26]} Re8 {[%clk 01:30:39]} {[%emt 00:02:13]} 9. Qd3
{[%clk 01:22:00]} {[%emt 00:04:30]} Qc7 {[%clk 01:30:16]} {[%emt 00:00:53]} 10.
f4 {[%clk 01:20:18]} {[%emt 00:02:13]} b5 {[%clk 01:30:29]} {[%emt 00:00:17]}
11. e5 {[%clk 01:17:15]} {[%emt 00:03:32]} Nd5 {[%clk 01:30:01]} {[%emt
00:00:59]} 12. Bf3 {[%clk 01:16:28]} {[%emt 00:01:16]} Bxg5 {[%clk 01:28:55]}
{[%emt 00:01:37]} 13. Nxd5 {[%clk 01:16:26]} {[%emt 00:00:32]} exd5 {[%clk
01:28:54]} {[%emt 00:00:31]} 14. Bxd5 {[%clk 01:11:04]} {[%emt 00:05:51]} Bb7
{[%clk 01:28:49]} {[%emt 00:00:36]} 15. Bxf7+ {[%clk 01:10:55]} {[%emt
00:00:38]} Kxf7 {[%clk 01:28:45]} {[%emt 00:00:33]} 16. fxg5+ {[%clk 01:11:09]}
{[%emt 00:00:17]} Kg8 {[%clk 01:29:07]} {[%emt 00:00:09]} 17. Qb3+ {[%clk
01:10:55]} {[%emt 00:00:43]} Qc4 {[%clk 01:29:24]} {[%emt 00:00:13]} 18. Qxc4+
{[%clk 01:09:15]} {[%emt 00:02:10]} bxc4 {[%clk 01:29:46]} {[%emt 00:00:08]}
19. Rae1 {[%clk 01:09:04]} {[%emt 00:00:40]} Nc6 {[%clk 01:29:40]} {[%emt
00:00:37]} 20. Nf3 {[%clk 01:02:10]} {[%emt 00:07:23]} Nb4 {[%clk 01:23:39]}
{[%emt 00:06:33]} 21. c3 {[%clk 01:01:21]} {[%emt 00:01:19]} Nd3 {[%clk
01:23:44]} {[%emt 00:00:25]} 22. Re2 {[%clk 01:00:20]} {[%emt 00:01:30]} Bxf3
{[%clk 01:23:55]} {[%emt 00:00:19]} 23. gxf3 {[%clk 00:58:55]} {[%emt
00:01:55]} Nxe5 {[%clk 01:24:02]} {[%emt 00:00:23]} 24. f4 {[%clk 00:57:50]}
{[%emt 00:01:34]} Nf3+ {[%clk 01:24:01]} {[%emt 00:00:32]} 25. Kf2 {[%clk
00:57:03]} {[%emt 00:01:17]} Rxe2+ {[%clk 01:23:41]} {[%emt 00:00:49]} 26. Kxe2
{[%clk 00:57:17]} {[%emt 00:00:16]} Nh4 {[%clk 01:23:50]} {[%emt 00:00:21]} 27.
Rd1 {[%clk 00:57:09]} {[%emt 00:00:37]} Rd8 {[%clk 01:23:49]} {[%emt 00:00:32]}
28. Rd6 {[%clk 00:57:19]} {[%emt 00:00:20]} a5 {[%clk 01:22:40]} {[%emt
00:01:40]} 29. Ra6 {[%clk 00:57:26]} {[%emt 00:00:22]} Ng6 {[%clk 01:22:34]}
{[%emt 00:00:36]} 30. f5 {[%clk 00:56:05]} {[%emt 00:01:51]} Re8+ {[%clk
01:22:30]} {[%emt 00:00:34]} 31. Kd2 {[%clk 00:55:20]} {[%emt 00:01:14]} Ne5
{[%clk 01:22:44]} {[%emt 00:00:17]} 32. Rxa5 {[%clk 00:54:51]} {[%emt
00:01:00]} Nf3+ {[%clk 01:22:52]} {[%emt 00:00:22]} 33. Kd1 {[%clk 00:54:40]}
{[%emt 00:00:40]} Nxg5 {[%clk 01:20:08]} {[%emt 00:03:14]} 34. Rd5 {[%clk
00:51:53]} {[%emt 00:03:17]} Rd8 {[%clk 01:15:22]} {[%emt 00:05:16]} 35. a4
{[%clk 00:51:46]} {[%emt 00:00:38]} Nf7 {[%clk 01:14:46]} {[%emt 00:01:06]} 36.
a5 {[%clk 00:49:57]} {[%emt 00:02:20]} Ra8 {[%clk 01:15:02]} {[%emt 00:00:13]}
37. Kd2 {[%clk 00:47:56]} {[%emt 00:02:31]} Ra6 {[%clk 01:13:48]} {[%emt
00:01:44]} 38. Rb5 {[%clk 00:46:11]} {[%emt 00:02:15]} Rd6+ {[%clk 01:13:34]}
{[%emt 00:00:44]} 39. Kc2 {[%clk 00:45:49]} {[%emt 00:00:50]} Kf8 {[%clk
01:12:56]} {[%emt 00:01:10]} 40. b4 {[%clk 00:40:27]} {[%emt 00:05:52]} cxb3+
{[%clk 01:12:50]} {[%emt 00:00:37]} 41. Kxb3 {[%clk 00:40:23]} {[%emt
00:00:34]} Rc6 {[%clk 01:12:53]} {[%emt 00:00:26]} 42. Kb4 {[%clk 00:34:12]}
{[%emt 00:06:41]} Ke7 {[%clk 01:11:36]} {[%emt 00:01:47]} 43. c4 {[%clk
00:32:24]} {[%emt 00:02:18]} Nd6 {[%clk 01:11:27]} {[%emt 00:00:40]} 44. Rb6
{[%clk 00:31:04]} {[%emt 00:01:50]} Rxb6+ {[%clk 01:09:09]} {[%emt 00:02:48]}
45. axb6 {[%clk 00:31:15]} {[%emt 00:00:18]} Kf6 {[%clk 01:08:13]} {[%emt
00:01:26]} 46. c5 {[%clk 00:31:18]} {[%emt 00:00:27]} Nxf5 {[%clk 01:07:56]}
{[%emt 00:00:47]} 47. b7 {[%clk 00:31:18]} {[%emt 00:00:29]} Ne7 {[%clk
01:08:21]} {[%emt 00:00:05]} 48. Kb5 {[%clk 00:29:04]} {[%emt 00:02:44]} Nc6
{[%clk 01:08:37]} {[%emt 00:00:14]} 49. Kb6 {[%clk 00:28:52]} {[%emt 00:00:42]}
Ke6 {[%clk 01:08:53]} {[%emt 00:00:12]} 50. Kc7 {[%clk 00:26:46]} {[%emt
00:02:38]} Ke7 {[%clk 01:08:38]} {[%emt 00:00:45]} 51. b8=Q {[%emt 00:02:36]}
Nxb8 {[%clk 01:08:55]} {[%emt 00:00:10]} 52. Kxb8 {[%clk 00:25:06]} {[%emt
00:00:06]} g5 {[%clk 01:08:55]} {[%emt 00:00:31]} 53. Kc7 {[%clk 00:24:55]}
{[%emt 00:00:42]} g4 {[%clk 01:08:47]} {[%emt 00:00:37]} 54. c6 {[%clk
00:25:00]} {[%emt 00:00:25]} dxc6 {[%clk 01:09:04]} {[%emt 00:00:12]} 55. Kxc6
{[%clk 00:25:26]} {[%emt 00:00:05]} Ke6 {[%clk 01:09:28]} {[%emt 00:00:06]} 0-1

[Event "DVM U12 2023"]
[Site "Magdeburg GER"]
[Date "2023.12.29"]
[Round "6"]
[White "Wünsche, Jonathan"]
[Black "Mügschl, Frederick"]
[Result "1/2-1/2"]
[Termination "normal"]
[Board "8.4"]
[WhiteElo "967"]
[BlackElo "1097"]
[WhiteClock "00:39:07"]
[BlackClock "00:58:50"]
[WhiteTeam "Barnimer SF im SV Stahl Finow"]
[BlackTeam "TV Tegernsee"]
[PlyCount "80"]
[WhiteFideId "34602836"]
[BlackFideId "34603450"]
[EventCountry "GER"]
[EventRounds "7"]
[EventType "team-swiss"]
[EventDate "2023.12.26"]

1. d4 {[%clk 01:30:58]} {[%emt 00:00:01]} d5 {[%clk 01:30:51]} {[%emt
00:00:10]} 2. Bf4 {[%clk 01:31:19]} {[%emt 00:00:08]} Nc6 {[%clk 01:30:14]}
{[%emt 00:01:07]} 3. Nf3 {[%clk 01:31:13]} {[%emt 00:00:36]} Nf6 {[%clk
01:29:31]} {[%emt 00:01:13]} 4. e3 {[%clk 01:30:21]} {[%emt 00:01:22]} Bg4
{[%clk 01:29:47]} {[%emt 00:00:14]} 5. Be2 {[%clk 01:29:28]} {[%emt 00:01:23]}
g6 {[%clk 01:29:31]} {[%emt 00:00:46]} 6. Nbd2 {[%clk 01:28:17]} {[%emt
00:01:40]} Bg7 {[%clk 01:29:26]} {[%emt 00:00:35]} 7. c3 {[%clk 01:27:59]}
{[%emt 00:00:48]} Qd7 {[%clk 01:28:55]} {[%emt 00:01:02]} 8. Qb3 {[%clk
01:16:04]} {[%emt 00:12:26]} O-O-O {[%clk 01:26:46]} {[%emt 00:02:38]} 9. Qa4
{[%emt 00:08:36]} Rde8 {[%clk 01:23:45]} 10. Bb5 {[%clk 01:09:12]} {[%emt
00:02:47]} Bxf3 {[%clk 01:20:57]} {[%emt 00:03:19]} 11. Bxc6 {[%clk 01:07:34]}
{[%emt 00:02:07]} Qxc6 {[%clk 01:21:08]} {[%emt 00:00:20]} 12. Qxc6 {[%clk
01:07:45]} {[%emt 00:00:19]} bxc6 {[%clk 01:21:32]} {[%emt 00:00:06]} 13. Nxf3
{[%clk 01:08:02]} {[%emt 00:00:13]} Ne4 {[%clk 01:21:16]} {[%emt 00:00:45]} 14.
Ne5 {[%clk 01:04:38]} {[%emt 00:03:55]} Bxe5 {[%clk 01:21:08]} {[%emt
00:00:39]} 15. Bxe5 {[%clk 01:04:46]} {[%emt 00:00:19]} f6 {[%clk 01:21:20]}
{[%emt 00:00:19]} 16. Bg3 {[%clk 01:05:03]} {[%emt 00:00:13]} Nxg3 {[%clk
01:21:41]} {[%emt 00:00:09]} 17. hxg3 {[%clk 01:05:05]} {[%emt 00:00:28]} e5
{[%clk 01:21:30]} {[%emt 00:00:41]} 18. O-O-O {[%clk 01:04:48]} {[%emt
00:00:47]} Kd7 {[%clk 01:19:40]} {[%emt 00:02:20]} 19. Kc2 {[%clk 01:03:19]}
{[%emt 00:01:59]} Kd6 {[%clk 01:17:21]} {[%emt 00:02:48]} 20. b4 {[%clk
01:03:07]} {[%emt 00:00:43]} h5 {[%clk 01:17:14]} {[%emt 00:00:37]} 21. Kb3
{[%clk 00:55:45]} {[%emt 00:07:52]} Re7 {[%clk 01:16:33]} {[%emt 00:01:11]} 22.
g4 {[%clk 00:54:20]} {[%emt 00:01:55]} Reh7 {[%clk 01:14:34]} {[%emt 00:02:28]}
23. gxh5 {[%clk 00:54:17]} {[%emt 00:00:32]} Rxh5 {[%clk 01:14:49]} {[%emt
00:00:16]} 24. Rxh5 {[%clk 00:54:16]} {[%emt 00:00:32]} Rxh5 {[%clk 01:15:11]}
{[%emt 00:00:08]} 25. Ka4 {[%clk 00:51:10]} {[%emt 00:03:35]} Rh2 {[%clk
01:14:40]} {[%emt 00:01:01]} 26. Rg1 {[%clk 00:51:30]} {[%emt 00:00:11]} Kd7
{[%clk 01:14:52]} {[%emt 00:00:17]} 27. dxe5 {[%clk 00:48:34]} {[%emt
00:03:26]} fxe5 {[%clk 01:13:45]} {[%emt 00:01:38]} 28. Ka5 {[%clk 00:47:22]}
{[%emt 00:01:42]} Kc8 {[%clk 01:14:01]} {[%emt 00:00:14]} 29. b5 {[%clk
00:45:15]} {[%emt 00:02:38]} cxb5 {[%clk 01:13:43]} {[%emt 00:00:47]} 30. Kxb5
{[%clk 00:45:41]} {[%emt 00:00:04]} Kb7 {[%clk 01:13:53]} {[%emt 00:00:20]} 31.
Kc5 {[%clk 00:46:03]} {[%emt 00:00:08]} c6 {[%clk 01:14:02]} {[%emt 00:00:20]}
32. c4 {[%clk 00:45:55]} {[%emt 00:00:38]} dxc4 {[%clk 01:13:44]} {[%emt
00:00:49]} 33. Kxc4 {[%clk 00:46:22]} {[%emt 00:00:03]} Kb6 {[%clk 01:14:04]}
{[%emt 00:00:09]} 34. f4 {[%clk 00:43:08]} {[%emt 00:03:45]} exf4 {[%clk
01:09:35]} {[%emt 00:04:59]} 35. exf4 {[%clk 00:43:31]} {[%emt 00:00:07]} Rh4
{[%clk 01:10:00]} {[%emt 00:00:05]} 36. g4 {[%clk 00:42:15]} {[%emt 00:01:46]}
Rh2 {[%clk 00:59:09]} {[%emt 00:11:20]} 37. Rb1+ {[%clk 00:40:27]} {[%emt
00:02:19]} Kc7 {[%clk 00:58:50]} {[%emt 00:00:48]} 38. a4  1/2-1/2